Normal view
MARC view
- شركات تجاريه
Entry Topical Term
001 - CONTROL NUMBER
- control field: 57460
003 - CONTROL NUMBER IDENTIFIER
- control field: JO-AjAnu
005 - DATE AND TIME OF LATEST TRANSACTION
- control field: 20230606083417.0
008 - FIXED-LENGTH DATA ELEMENTS
- fixed length control field: 230606|| aca||aabn | a|a d
040 ## - CATALOGING SOURCE
- Original cataloging agency: JO-AjAnu
- Transcribing agency: JO-AjAnu
150 ## - HEADING--TOPICAL TERM
- Topical term or geographic name entry element: شركات تجاريه
670 ## - SOURCE DATA FOUND
- Source citation: Work cat.: (JO-AjAnu)29320: الشقيرات، فيصل , author 57459, شركة الشخص الواحد ذي المسئؤوليه المحدوده :دراسة مقارنة